Lying out loud (Record no. 77385)

MARC details
000 -LEADER
fixed length control field 00668nam a2200169 a 4500
008 - FIXED-LENGTH DATA ELEMENTS--GENERAL INFORMATION
fixed length control field 201117s2015 xx |||||||||||||| || u
020 ## - INTERNATIONAL STANDARD BOOK NUMBER
International Standard Book Number 9781444928167
050 ## - LIBRARY OF CONGRESS CALL NUMBER
Classification number PZ 7.K439
100 ## - MAIN ENTRY--PERSONAL NAME
Personal name Keplinger, Kody
245 10 - TITLE STATEMENT
Title Lying out loud
Statement of responsibility, etc. By Kody Keplinger
260 ## - PUBLICATION, DISTRIBUTION, ETC.
Place of publication, distribution, etc.
Name of publisher, distributor, etc. Scholastic Inc
Date of publication, distribution, etc. 2015
300 ## - PHYSICAL DESCRIPTION
Extent 359 pages
350 ## -
-- 29.77
650 ## - SUBJECT ADDED ENTRY--TOPICAL TERM
Topical term or geographic name entry element ENGLISH LANGUAGE
995 ## -
-- FICTION Collection
-- 750524
-- CBU-MAIN LIBRARY (Kitwe)
-- 29.77
-- PZ 7.K439
-- 2
-- AVAILABLE
-- Dec 10, 2020
-- 750524
-- Fiction Collection
995 ## -
-- FICTION Collection
-- 29.77
-- 905221
-- CBU-SCHOOL OF MEDICINE LIBRARY (Ndola)
-- PZ 7 .K439
-- 1
-- AVAILABLE
-- Nov 19, 2020
-- 905221
-- Fiction Collection
999 ## -
-- 77385
-- 77385

No items available.